Belgium cities and towns - sudden death - Statistics

General Stats
  • This quiz has been taken 521 times
  • The average score is 5 of 16
Answers on the Grid
Answers color-coded by a green-red scale on the quiz's grid according to % correct below.
Antwerp
Durbuy
Chimay
Dinan
Royan
Dordrecht
Habay
Doel
Honfleur
Cabourg
Bardegem
Knokke
Angoulême
Giethoorn
Elburg
Libramont
Eindhoven
Deinze
Rupit
Rochefourchat
Baren
Kelmis
Cochem
Amel
Heidelberg
Oudenaarde
Rennes
Angers
Limburg
Bastogne
Clervaux
Beaufort
Dudelange
Aalst
Haarlem
Bouillon
Zwolle
Breda
 
Answer Stats
Answer % Correct
Antwerp
98%
Durbuy
53%
Chimay
52%
Knokke
41%
Aalst
33%
Deinze
32%
Oudenaarde
31%
Doel
28%
Bastogne
26%
Bouillon
19%
Libramont
16%
Limburg
15%
Kelmis
11%
Habay
8%
Amel
7%
Bardegem
7%
No matching quizzes found
Score Distribution
Percent of People with Each Score
Percentile by Number Answered
Your Score History
You have not taken this quiz